[Event "3rd QCP Open &amp; Fort Worth Ch"]
[Site "Fort Worth, TX"]
[Date "2020.07.19"]
[Round "4"]
[White "Crane, Thomas"]
[Black "Xu, Jayden"]
[Result "0-1"]
[WhiteElo "1454"]
[BlackElo "1818"]
[PlyCount "130"]
[EventDate "2020.07.18"]
[EventType "swiss"]
[EventRounds "5"]
[EventCountry "USA"]

1. e4 e6 2. d4 d5 3. e5 c5 4. c3 Nc6 5. a3 c4 6. Nf3 Na5 7. Nbd2 Bd7 8. Be2 Ne7
9. O-O Nc8 10. Qe1 Nb6 11. Bd1 Ba4 12. h3 Be7 13. Nh2 Qd7 14. f4 O-O-O 15. Bg4
h5 16. Bd1 f5 17. Nhf3 Kb8 18. Qg3 h4 19. Qf2 Rdg8 20. Ng5 Bxd1 21. Rxd1 Rh5
22. Ndf3 Nb3 23. Rb1 Rgh8 24. Be3 Na4 25. Qe1 b5 26. Bf2 a5 27. Nxh4 Bxg5 28.
fxg5 Rxg5 29. Qe3 Rgh5 30. Ng6 Rc8 31. Nf4 Rh6 32. Be1 g5 33. Ne2 Qg7 34. Nc1
Nb6 35. Nxb3 cxb3 36. Qe2 Nc4 37. Rd3 Rg8 38. Ra1 a4 39. Rb1 Qh7 40. Bd2 Rh5
41. Be1 g4 42. h4 f4 43. g3 f3 44. Qf1 Rf8 45. Bf2 Rhf5 46. Kh2 Qh6 47. Qd1 Kc7
48. Kg1 Kc6 49. Kh2 R5f7 50. Kg1 Rb7 51. Qe1 Rbf7 52. Qd1 Qg6 53. Kh2 Qe4 54.
Kg1 Qe2 55. Qf1 Qc2 56. Qd1 Nxb2 57. Rxb2 Qxb2 58. c4 bxc4 59. Rd2 Qxa3 60. Qb1
Rg8 61. Be3 c3 62. Rf2 Rb7 63. Qd3 b2 64. Rf1 Qb4 65. Qb1 Qc4 0-1

[Event "3rd QCP Open &amp; Fort Worth Ch"]
[Site "Fort Worth, TX"]
[Date "2020.07.19"]
[Round "4"]
[White "Teng, Benjamin"]
[Black "Llewellyn, Brandon"]
[Result "0-1"]
[WhiteElo "1728"]
[BlackElo "1380"]
[PlyCount "114"]
[EventDate "2020.07.18"]
[EventType "swiss"]
[EventRounds "5"]
[EventCountry "USA"]

1. d4 d5 2. c4 e5 3. Nc3 dxc4 4. e3 exd4 5. Qxd4 Qxd4 6. exd4 Nc6 7. Nf3 Nb4 8.
Rb1 Bf5 9. Bxc4 f6 10. Bf4 Bxb1 11. Nxb1 O-O-O 12. Ke2 Bd6 13. Bg3 Ne7 14. Nc3
Rhe8 15. Be6+ Kb8 16. Kd2 Ng6 17. Bf7 Re7 18. Bxg6 hxg6 19. a3 Nc6 20. Kc2 a6
21. d5 Ne5 22. Bxe5 Bxe5 23. Re1 Rde8 24. Nxe5 Rxe5 25. Rxe5 Rxe5 26. Kd2 Kc8
27. g4 g5 28. h3 Kd7 29. b4 Kd6 30. a4 Re8 31. b5 Kc5 32. Kd1 Rh8 33. Kc2 Rxh3
34. Kd2 Kd4 35. Ne2+ Kxd5 36. f4 axb5 37. fxg5 fxg5 38. axb5 Kc4 39. Kc2 Kxb5
40. Nc3+ Rxc3+ 41. Kxc3 c5 42. Kb3 c4+ 43. Kc2 Kc5 44. Kb2 b5 45. Kc3 b4+ 46.
Kc2 Kd4 47. Kb2 Kd3 48. Kb1 Kd2 49. Kb2 c3+ 50. Kb3 c2 51. Kxb4 c1=Q 52. Kb5
Qc7 53. Kb4 Kd3 54. Kb5 Kd4 55. Kb4 Qb6+ 56. Ka3 Kc3 57. Ka2 Qb2# 0-1

[Event "3rd QCP Open &amp; Fort Worth Ch"]
[Site "Fort Worth, TX"]
[Date "2020.07.19"]
[Round "4"]
[White "Larsen, James"]
[Black "Davis, Timothy"]
[Result "1/2-1/2"]
[WhiteElo "1500"]
[BlackElo "1349"]
[PlyCount "86"]
[EventDate "2020.07.18"]
[EventType "swiss"]
[EventRounds "5"]
[EventCountry "USA"]

1. d4 d5 2. c4 Nf6 3. Nc3 dxc4 4. e3 Be6 5. Nf3 Bd5 6. Be2 e6 7. Qc2 Bb4 8. a3
Bxc3+ 9. Qxc3 O-O 10. O-O Qd6 11. h3 Nc6 12. Nd2 b5 13. Qc2 Rae8 14. Bf3 a6 15.
Bxd5 exd5 16. b3 Na5 17. b4 Nc6 18. Bb2 a5 19. bxa5 Nxa5 20. Bc3 Nc6 21. Rfb1
Rb8 22. Rb2 Rb7 23. Qb1 Ra8 24. Rxb5 Rxb5 25. Qxb5 Rxa3 26. Rxa3 Qxa3 27. Qxc6
Qe7 28. Bb4 Qxb4 29. Qxc7 h6 30. Nf3 Ne4 31. Ne5 Ng5 32. h4 f6 33. Qd8+ Kh7 34.
Qxd5 fxe5 35. hxg5 hxg5 36. Qxe5 c3 37. Qf5+ Kh6 38. Qc2 g6 39. Kf1 Qb2 40. Qe4
c2 41. g4 c1=Q+ 42. Kg2 Kg7 43. Qe7+ Kg8 1/2-1/2

[Event "3rd QCP Open &amp; Fort Worth Ch"]
[Site "Fort Worth, TX"]
[Date "2020.07.19"]
[Round "5"]
[White "Amburgy, Ryan"]
[Black "Graham, Shaun"]
[Result "1-0"]
[WhiteElo "1846"]
[BlackElo "1813"]
[Annotator "Root, Alexey"]
[PlyCount "79"]
[EventDate "2020.07.18"]
[EventType "swiss"]
[EventRounds "5"]
[EventCountry "USA"]

1. d4 g6 2. e4 Bg7 3. Nc3 d6 4. Nf3 a6 5. a4 b6 6. Be3 e6 7. Qd2 Bb7 8. Bd3 Nd7
9. h3 h6 10. O-O Ne7 11. Rad1 Nf6 12. Nh2 d5 13. f3 Qc8 14. Ng4 h5 15. Nxf6+
Bxf6 16. Ne2 c5 17. c3 c4 18. Bc2 Qd7 19. Bg5 Bxg5 20. Qxg5 Bc6 21. Qf6 Rf8 22.
Ra1 Ng8 23. Qf4 O-O-O 24. Rfb1 Qc7 25. e5 Ne7 26. b3 f6 27. bxc4 g5 28. Qg3 h4
29. Qg4 f5 30. Qxg5 Rh8 31. c5 bxc5 32. dxc5 Qxe5 33. Nd4 Rdg8 34. Qxe7 Rxg2+
35. Kxg2 Qg3+ 36. Kf1 Qxh3+ 37. Ke2 Re8 38. Qd6 Qg2+ 39. Kd3 Bb7 40. c6 {And
Black resigns.} 1-0

[Event "3rd QCP Open &amp; Fort Worth Ch"]
[Site "Fort Worth, TX"]
[Date "2020.07.19"]
[Round "5"]
[White "Woodward, Andy"]
[Black "Feldman, Konner"]
[Result "1-0"]
[WhiteElo "2169"]
[BlackElo "2054"]
[PlyCount "115"]
[EventDate "2020.07.18"]
[EventType "swiss"]
[EventRounds "5"]
[EventCountry "USA"]

1. d4 Nf6 2. c4 g6 3. g3 Bg7 4. Bg2 d6 5. Nc3 O-O 6. Nf3 Nbd7 7. O-O e5 8. e4
exd4 9. Nxd4 Re8 10. h3 a6 11. Be3 Rb8 12. a4 Nc5 13. Qc2 Qe7 14. Rfe1 Nfxe4
15. Nxe4 Nxe4 16. Bxe4 c5 17. Bd2 Bxd4 18. Bc6 Bxf2+ 19. Kxf2 Qf6+ 20. Kg2
Bxh3+ 21. Kxh3 bxc6 22. Bc3 Qf3 23. Qd1 Qf5+ 24. g4 Qf4 25. Qd3 f5 26. gxf5 g5
27. f6 Qh4+ 28. Kg2 Qg4+ 29. Kf2 Qh4+ 30. Qg3 Qxg3+ 31. Kxg3 d5 32. Rf1 Kf7 33.
Rh1 Kg6 34. Kg4 Re4+ 35. Kf3 Rf4+ 36. Ke2 d4 37. Bd2 Rxb2 38. Rhb1 Rxb1 39.
Rxb1 Rxf6 40. Rb6 g4 41. Be1 Kf5 42. Rxa6 Ke4 43. Ra8 h5 44. Re8+ Kf4 45. Rh8
Re6+ 46. Kd1 Re5 47. a5 Kf3 48. a6 Re7 49. Ra8 g3 50. a7 Kg2 51. Bxg3 Rxa7 52.
Rxa7 Kxg3 53. Ra5 h4 54. Rxc5 h3 55. Rxc6 h2 56. Rh6 Kg2 57. c5 h1=Q+ 58. Rxh1
1-0

[Event "3rd QCP Open &amp; Fort Worth Ch"]
[Site "Fort Worth, TX"]
[Date "2020.07.19"]
[Round "5"]
[White "Root, Alexey"]
[Black "Steiner, Tim"]
[Result "1/2-1/2"]
[WhiteElo "2000"]
[BlackElo "2040"]
[Annotator "Root, Alexey"]
[PlyCount "31"]
[EventDate "2020.07.18"]
[EventType "swiss"]
[EventRounds "5"]
[EventCountry "USA"]

1. d4 f5 2. g3 Nf6 3. Bg2 e6 4. c4 Be7 5. Nc3 O-O 6. e4 fxe4 7. Nxe4 Nxe4 8.
Bxe4 Bb4+ 9. Bd2 Qf6 10. Nf3 Nc6 11. Bxb4 Nxb4 12. O-O d5 13. cxd5 exd5 14. Qb3
a5 (14... Bh3 15. Ne5 Bxf1 16. Bxd5+ Nxd5 17. Qxd5+ Kh8 18. Rxf1) 15. Ne5 Be6
16. Bg2 1/2-1/2

[Event "3rd QCP Open &amp; Fort Worth Ch"]
[Site "Fort Worth, TX"]
[Date "2020.07.19"]
[Round "5"]
[White "Deviprasath, Sharvesh"]
[Black "Tipton, Eric"]
[Result "1-0"]
[WhiteElo "1977"]
[BlackElo "1794"]
[PlyCount "48"]
[EventDate "2020.07.18"]
[EventType "swiss"]
[EventRounds "5"]
[EventCountry "USA"]

1. b3 d5 2. Bb2 Nf6 3. e3 c5 4. Nf3 Bg4 5. Bb5+ Nbd7 6. h3 Bh5 7. g4 Bg6 8. Ne5
a6 9. Bxd7+ Nxd7 10. f4 Nxe5 11. Bxe5 f6 12. Bb2 e5 13. O-O Bd6 14. fxe5 fxe5
15. Qf3 Qh4 16. Nc3 Be4 17. Nxe4 dxe4 18. Qxe4 Qxh3 19. Bxe5 O-O-O 20. Rf7 Rd7
21. Qf5 Rhd8 22. Bxd6 b6 23. Qe4 Qxg4+ 24. Qxg4 h5 1-0

[Event "3rd QCP Open &amp; Fort Worth Ch"]
[Site "Fort Worth, TX"]
[Date "2020.07.19"]
[Round "5"]
[White "Hollingsworth, Jim"]
[Black "Schwetke, Douglas"]
[Result "1-0"]
[WhiteElo "1800"]
[BlackElo "1500"]
[PlyCount "47"]
[EventDate "2020.07.18"]
[EventType "swiss"]
[EventRounds "5"]
[EventCountry "USA"]

1. d4 Nf6 2. Nd2 d5 3. e3 c5 4. c3 Nc6 5. Bd3 e6 6. f4 Be7 7. Qf3 b6 8. Ne2 Bb7
9. O-O g6 10. g4 Qc7 11. Ng3 h5 12. g5 Nd7 13. h4 O-O-O 14. a3 f6 15. Bxg6 fxg5
16. fxg5 Rdf8 17. Qg2 Bd6 18. Rxf8+ Rxf8 19. Ndf1 Rg8 20. Bf7 Rg7 21. Bxe6 Kb8
22. Nf5 Rh7 23. Nxd6 Qxd6 24. Qg3 1-0

[Event "3rd QCP Open &amp; Fort Worth Ch"]
[Site "Fort Worth, TX"]
[Date "2020.07.19"]
[Round "5"]
[White "Xu, Jayden"]
[Black "Abrams, Greyson"]
[Result "1-0"]
[WhiteElo "1818"]
[BlackElo "1459"]
[PlyCount "71"]
[EventDate "2020.07.18"]
[EventType "swiss"]
[EventRounds "5"]
[EventCountry "USA"]

1. d4 d5 2. c4 e6 3. Nc3 Nf6 4. Bg5 Be7 5. Nf3 O-O 6. e3 c6 7. Bd3 Nbd7 8. Qc2
h6 9. Bh4 dxc4 10. Bxc4 Nb6 11. Bd3 Nfd5 12. Bxe7 Qxe7 13. a3 Nd7 14. O-O N7f6
15. Rfe1 b6 16. e4 Nxc3 17. bxc3 c5 18. e5 Nd5 19. c4 Nc7 20. Be4 Rb8 21. d5
exd5 22. cxd5 Na6 23. h3 f6 24. e6 Bb7 25. Bh7+ Kh8 26. Nh4 Qd6 27. Ng6+ Kxh7
28. Nxf8+ Kg8 29. Qh7+ Kxf8 30. Qh8+ Ke7 31. Qxg7+ Kd8 32. e7+ Ke8 33. Qf8+ Kd7
34. e8=Q+ Rxe8 35. Qxe8+ Kc7 36. Re7+ 1-0

[Event "3rd QCP Open &amp; Fort Worth Ch"]
[Site "Fort Worth, TX"]
[Date "2020.07.19"]
[Round "5"]
[White "Llewellyn, Brandon"]
[Black "Fukuchi, Curtis"]
[Result "0-1"]
[WhiteElo "1380"]
[BlackElo "1811"]
[PlyCount "98"]
[EventDate "2020.07.18"]
[EventType "swiss"]
[EventRounds "5"]
[EventCountry "USA"]

1. d4 Nf6 2. Bf4 g6 3. Nc3 Bg7 4. e4 d6 5. Qd2 O-O 6. O-O-O Nbd7 7. Nf3 c5 8.
Bh6 cxd4 9. Nxd4 Nc5 10. Bxg7 Kxg7 11. f3 Bd7 12. Bb5 a6 13. Bxd7 Qxd7 14. h4
h5 15. Nd5 Nxd5 16. Nf5+ Kg8 17. Qh6 Ne6 18. exd5 gxf5 19. dxe6 Qxe6 20. Qg5+
Kh7 21. Qxh5+ Qh6+ 22. Qxh6+ Kxh6 23. Rd5 Kg6 24. g4 fxg4 25. fxg4 f6 26. Kd2
Rac8 27. b3 Rc5 28. Rxc5 dxc5 29. Re1 Rd8+ 30. Kc3 e5 31. Re4 Rh8 32. h5+ Kg5
33. Kc4 b6 34. c3 f5 35. gxf5 Kxf5 36. Rh4 e4 37. h6 b5+ 38. Kxc5 e3 39. Rh2 e2
40. Rh1 Rxh6 41. Re1 Re6 42. Kd4 Kf4 43. Kd3 Kf3 44. c4 bxc4+ 45. bxc4 Kf2 46.
Rxe2+ Rxe2 47. c5 Rxa2 48. c6 Re2 49. Kd4 Rc2 0-1

[Event "3rd QCP Open &amp; Fort Worth Ch"]
[Site "Fort Worth, TX"]
[Date "2020.07.19"]
[Round "5"]
[White "Smith, Alan"]
[Black "Bufford, Adley"]
[Result "0-1"]
[WhiteElo "1664"]
[BlackElo "1772"]
[PlyCount "36"]
[EventDate "2020.07.18"]
[EventType "swiss"]
[EventRounds "5"]
[EventCountry "USA"]

1. d4 c6 2. c4 d5 3. Nf3 Nf6 4. Nc3 dxc4 5. a4 Bf5 6. e3 Na6 7. Bxc4 Nb4 8.
Bxf7+ Kxf7 9. Qb3+ e6 10. Ne5+ Ke8 11. O-O Bd6 12. f3 Nc2 13. Ra2 Qb6 14. Qc4
Bxe5 15. a5 Qb4 16. b3 Qxc4 17. bxc4 Nxd4 18. g4 Nxf3+ 0-1

[Event "3rd QCP Open &amp; Fort Worth Ch"]
[Site "Fort Worth, TX"]
[Date "2020.07.19"]
[Round "5"]
[White "Morales, Stephen"]
[Black "Deo, Shreyas"]
[Result "0-1"]
[WhiteElo "1690"]
[BlackElo "1244"]
[PlyCount "76"]
[EventDate "2020.07.18"]
[EventType "swiss"]
[EventRounds "5"]
[EventCountry "USA"]

1. e4 c5 2. c3 e6 3. d4 d5 4. exd5 Qxd5 5. Nf3 Nc6 6. Bb5 Nf6 7. O-O a6 8. c4
Qd8 9. Bxc6+ bxc6 10. Be3 Ng4 11. Ne5 Nxe5 12. dxe5 Qxd1 13. Rxd1 Be7 14. Nc3
Rb8 15. b3 f6 16. Ne4 fxe5 17. Bxc5 a5 18. Bxe7 Kxe7 19. Nc5 e4 20. Re1 Rf8 21.
Nxe4 a4 22. Rab1 Rf5 23. Nc3 axb3 24. Rxb3 Ra8 25. g4 Rc5 26. Re4 g5 27. a4 Ba6
28. Rb4 Rd8 29. Ne2 e5 30. Ng3 Rd1+ 31. Kg2 Rc1 32. Nf5+ Kf6 33. Ne3 Ra1 34. h3
Ra5 35. Rb6 R5xa4 36. Rxc6+ Kf7 37. Rxe5 Bb7 38. Rec5 Ra6 0-1

[Event "3rd QCP Open &amp; Fort Worth Ch"]
[Site "Fort Worth, TX"]
[Date "2020.07.19"]
[Round "5"]
[White "Heise, Robert"]
[Black "Amburgy, Chris"]
[Result "1-0"]
[WhiteElo "1567"]
[BlackElo "1474"]
[PlyCount "93"]
[EventDate "2020.07.18"]
[EventType "swiss"]
[EventRounds "5"]
[EventCountry "USA"]

1. e4 e5 2. Nf3 Nc6 3. Bb5 a6 4. Ba4 Nf6 5. O-O Be7 6. c3 b5 7. Bb3 d6 8. d3
O-O 9. Re1 Bg4 10. Nbd2 Re8 11. Nf1 Bf8 12. Ng3 g6 13. h3 Bh5 14. Nxh5 Nxh5 15.
Bd5 Qd7 16. Be3 Rab8 17. Qd2 Ne7 18. Bb3 c5 19. Ng5 d5 20. exd5 Nc8 21. c4 Nb6
22. Ne4 Rbc8 23. Kh2 f5 24. g4 fxe4 25. gxh5 exd3 26. Qxd3 e4 27. Qf1 Bd6+ 28.
Kh1 Qf5 29. hxg6 hxg6 30. Bd1 Re7 31. Bg4 Qe5 32. Qg2 Kg7 33. Bd2 Nxc4 34. Bc3
e3 35. Bxe5+ Rxe5 36. b3 exf2 37. Rxe5 Bxe5 38. Rf1 Ne3 39. Qxf2 Nxf1 40. Qxf1
Rf8 41. Qe2 Bd4 42. Bf3 g5 43. Kg2 Kf6 44. Qe6+ Kg7 45. d6 Rf6 46. Qd5 Kf8 47.
d7 1-0

[Event "3rd QCP Open &amp; Fort Worth Ch"]
[Site "Fort Worth, TX"]
[Date "2020.07.19"]
[Round "5"]
[White "Davis, Timothy"]
[Black "Wenz, William"]
[Result "0-1"]
[WhiteElo "1349"]
[BlackElo "2001"]
[PlyCount "51"]
[EventDate "2020.07.18"]
[EventType "swiss"]
[EventRounds "5"]
[EventCountry "USA"]

1. e4 Nf6 2. Nc3 d5 3. d4 dxe4 4. Bf4 a6 5. Nge2 Bg4 6. h3 Bh5 7. g4 Bg6 8. g5
Nh5 9. Be3 e6 10. Nf4 Nxf4 11. Bxf4 Nc6 12. Bg2 Qxd4 13. Qxd4 Nxd4 14. Kd1
O-O-O 15. Kc1 Bb4 16. Na4 Ne2+ 17. Kb1 Nxf4 18. Rg1 Nxg2 19. c3 e3+ 20. Kc1
exf2 21. Rf1 Be7 22. b4 Bxg5+ 23. Kb2 Rd2+ 24. Ka3 Ne3 25. Rfc1 Nc4+ 26. Kb3
0-1

[Event "3rd QCP Open &amp; Fort Worth Ch"]
[Site "Fort Worth, TX"]
[Date "2020.07.19"]
[Round "5"]
[White "Chryst, Thomas"]
[Black "Crane, Thomas"]
[Result "1-0"]
[WhiteElo "1613"]
[BlackElo "1454"]
[PlyCount "61"]
[EventDate "2020.07.18"]
[EventType "swiss"]
[EventRounds "5"]
[EventCountry "USA"]

1. d4 d5 2. Qd3 Nf6 3. Nc3 c6 4. Bg5 e6 5. O-O-O Be7 6. h4 h6 7. Bxf6 Bxf6 8.
Nf3 Nd7 9. g4 e5 10. dxe5 Nxe5 11. Qe3 Qc7 12. Nd4 Bxg4 13. f4 O-O-O 14. fxe5
Bxe5 15. Kb1 Kb8 16. Bh3 Bh5 17. Qg1 Bg6 18. Bf5 Bh5 19. Nf3 Bf6 20. Qh2 Bxc3
21. bxc3 Rd6 22. Ka1 Rhd8 23. Nd4 Qa5 24. Qg3 Ka8 25. Nb3 Qb5 26. Bd3 Qb6 27.
Qxg7 c5 28. Rb1 Qc6 29. Na5 Qc8 30. Nxb7 Rg8 31. Nxd6 1-0

[Event "3rd QCP Open &amp; Fort Worth Ch"]
[Site "Fort Worth, TX"]
[Date "2020.07.19"]
[Round "5"]
[White "Larsen, James"]
[Black "Teng, Benjamin"]
[Result "0-1"]
[WhiteElo "1500"]
[BlackElo "1728"]
[PlyCount "58"]
[EventDate "2020.07.18"]
[EventType "swiss"]
[EventRounds "5"]
[EventCountry "USA"]

1. d4 Nf6 2. c4 e6 3. Nf3 d5 4. a3 c5 5. Bg5 Nc6 6. e3 dxc4 7. Bxc4 cxd4 8.
Nxd4 Nxd4 9. exd4 Be7 10. O-O O-O 11. Nc3 Qc7 12. h3 Qxc4 13. Be3 b6 14. Rc1
Bb7 15. Qe2 Qxe2 16. Nxe2 Rac8 17. Nc3 Nd5 18. Nxd5 Bxd5 19. Rxc8 Rxc8 20. Rc1
Rxc1+ 21. Bxc1 f5 22. Bf4 Bf6 23. Be5 Bxe5 24. dxe5 g5 25. g3 h5 26. f4 gxf4
27. gxf4 h4 28. b4 Kf7 29. Kf2 Ke7 0-1